-burg - Sudden Death - Statistiken

Allgemein
  • Dieses Quiz wurde 725 mal gespielt
  • Das Durchschnittsergebnis liegt bei 15 aus 18
Answers on the Grid
Answers color-coded by a green-red scale on the quiz's grid according to % correct below.
Ham
Augs
Frei
Olden
Würz
Wolfs
Alten
Neubranden
Flens
Duis
Hom
Offen
Nien
Magde
Ludwigs
Regens
Aschaffen
Lüne
Heil
Brom
Wissen
Saale
Franken
Rosen
Nürn
Coes
Pinne
Pader
Wupper
 
Antwortstatistiken
Antwort % Korrekt
Augs
91%
Flens
91%
Magde
91%
Olden
91%
Regens
91%
Würz
91%
Duis
90%
Wolfs
90%
Aschaffen
89%
Frei
89%
Ham
89%
Lüne
86%
Neubranden
86%
Hom
78%
Ludwigs
73%
Alten
63%
Offen
61%
Nien
57%
Keine übereinstimmenden Quizze gefunden
Verteilung der Resultate
Anzahl Personen mit jedem Resultat
Perzentil nach korrekt beantworteten Fragen
Ihre Resultats-Entwicklung
Sie haben dieses Quiz noch nicht gespielt